| 000 | 00737nas a2200253 4500 | ||
|---|---|---|---|
| 001 | BR2012003456 | ||
| 003 | BR-BrBNA | ||
| 005 | 20231205120541.0 | ||
| 007 | ta | ||
| 008 | 230509b bl.|||p| |||| 00| 00por d | ||
| 040 |
_aBR-BrBNA _bpor _cBiblioteca Nacional de Agricultura |
||
| 041 | _a(Pt) | ||
| 072 | _aK10; E12; P01 | ||
| 100 | 1 | _aYoung, C.E.F. | |
| 245 | 1 | _aDesmatamento e desemprego rural na Mata Atlântica | |
| 650 | _aDESMATAMENTO | ||
| 650 | _aAGRICULTURA | ||
| 650 | _aPECUÁRIA | ||
| 650 | _aDESEMPREGO | ||
| 650 | _aPOLÍTICAS PÚBLICAS | ||
| 773 | 0 |
_tFloresta e Ambiente (Brazil) _xISSN 1415-0980 _g(2006), v. 13(2) p. 75-88 _wBR2012003456 |
|
| 909 |
_a202311 _bLúcia _c55 _dLúcia Elande |
||
| 942 |
_2AGRIS _n0 _cANA |
||
| 999 |
_c219083 _d219083 |
||